Quizzes
Events
Quiz Creation
Community
Videos
Private Events
Remove Ads
Sign In
Join for FREE
Feedback
Dark Mode
Quiz Categories
Sports
Geography
Music
Movies
Television
Just For Fun
Miscellaneous
History
Literature
Language
Science
Gaming
Entertainment
Religion
Holiday
For Kids
Quiz Lab
Recent
Popular Today
Quiz Kudos Today
Editor Picks
Curator Picks
Quizzes by...
Day
Popularity
Type
Ratings
Length
Year
Community
Subscriptions
Recent Discussions
Orange Saloon
Badges
Playlists
Quests
Create
Leaderboards
Showdown
Live 5
Trivia Bingo
Activity
Puzzle Library
Sporcle Events
Private Events
Virtual Trivia
Globe League
Become a Host
Pub Owners
SporcleCon
Opinionation
Our Games
Videos
Blog
Mobile Apps
Partnerships
Remove Ads and Go Orange
Feedback
Sports
Athletes
MLB
NBA
NHL
NFL
Soccer
Sports Teams
WWE
NCAA
Football
Premier League
Basketball
Baseball
Hockey
Golf
Tennis
Cricket
Rugby
Auto Racing
Olympics
World Cup
Sports
Athletes
MLB
NBA
NHL
NFL
Soccer
Sports Teams
WWE
NCAA
Football
Premier League
Basketball
Baseball
Hockey
Golf
Tennis
Cricket
Rugby
Auto Racing
Olympics
World Cup
Random Quiz
Search Sporcle
×
Quiz Lab
Quiz Lab
Sports
Snooker World
Type in answers that appear in a list
Type in answers that appear in a list
Classic
Best Score? Go Orange.
Snooker Masters Players Stats
Can you name every player who has competed at the Masters? (NOTE: Players who share same surnames must be written in full)
By
SnookerHQ
12m
89 Questions
633 Plays
633 Plays
633 Plays
Comments
Comments
Give Quiz Kudos
Give Quiz Kudos
-
- Ratings
hide this ad
More Info
Replay
Link that replays current quiz
Next Quiz
Link to next quiz in quiz playlist
You Got
0%
They Got
Avg Score
69%
Avg Friend Score
Upgrade to see
Score Distribution
Jump to the score distribution portion of the page
Score
0/89
Timer
12:00
0
Plays Today
Debut Year
Player
% Correct
1975
Alex Higgins
95.4%
1981
Steve Davis
94.2%
1994
Ronnie O'Sullivan
93.4%
1982
Jimmy White
92.6%
1989
Stephen Hendry
92.3%
1995
John Higgins
91.8%
1995
Mark Williams
91.6%
2004
Ding Junhui
91.3%
1976
Dennis Taylor
90.5%
1975
Ray Reardon
89.9%
2001
Shaun Murphy
89.9%
1988
John Parrott
88.5%
2004
Neil Robertson
88.2%
2008
Mark Selby
88.2%
1975
Cliff Thorburn
87.5%
1992
Ken Doherty
87%
1980
Terry Griffiths
86.4%
1991
Alan McManus
86.3%
1994
Peter Ebdon
86.1%
2009
Judd Trump
85.5%
1996
Matthew Stevens
85.2%
2009
Mark Allen
85%
1981
Kirk Stevens
84%
1997
Paul Hunter
83.9%
2000
Marco Fu
83.6%
1975
John Spencer
82.6%
2006
Stuart Bingham
82%
1980
John Virgo
81.5%
2002
Graeme Dott
81.5%
2005
Stephen Maguire
81.4%
Debut Year
Player
% Correct
2003
Joe Perry
80.9%
2000
Ali Carter
79%
1985
Willie Thorne
78.5%
1983
Joe Johnson
78.4%
2007
Barry Hawkins
78.4%
1977
Doug Mountjoy
77.6%
1990
James Wattana
77.4%
1998
Stephen Lee
76.8%
2017
Kyren Wilson
75.5%
1987
Neal Foulds
74.6%
1977
Perrie Mans
74.4%
1982
Tony Meo
73.8%
1975
Fred Davis
73.6%
1993
Nigel Bond
72.5%
2016
Liang Wenbo
71.4%
1975
Eddie Charlton
70.9%
1999
Mark King
70.3%
1979
David Taylor
70.1%
2000
Fergal O'Brien
70.1%
1984
Tony Knowles
69%
1995
Tony Drago
68.2%
1988
Mike Hallett
67.8%
1975
Rex Williams
66.8%
2020
David Gilbert
66.1%
1998
Anthony Hamilton
65.7%
1975
Bill Werbeniuk
65.2%
1978
Patsy Fagan
63.5%
1990
Steve James
63.5%
2003
Mark Davis
62.6%
1995
Joe Swail
61.1%
Debut Year
Player
% Correct
1975
John Pulman
60.8%
1975
Graham Miles
60.3%
1989
Cliff Wilson
60.3%
2009
Ricky Walden
60%
2018
Luca Brecel
58.9%
1991
Alain Robidoux
58.3%
1986
Silvino Francisco
58.1%
2003
Quinten Hann
58%
1992
Tony Jones
57.7%
2002
Ryan Day
55.6%
1996
Dave Harold
54.7%
1993
Darren Morgan
54.5%
1989
Peter Francisco
54.3%
2019
Jack Lisowski
53.3%
2014
Robert Milkins
53.1%
1983
Dean Reynolds
52.1%
1993
Chris Small
51.8%
1996
Andy Hicks
50.7%
1991
Gary Wilkinson
50.6%
2018
Anthony McGill
45.5%
1999
David Gray
44.4%
1991
Martin Clark
42.3%
1997
Brian Morgan
41.7%
2011
Jamie Cope
41.7%
2012
Martin Gould
39.5%
2006
Ian McCulloch
37.8%
1994
David Roe
37.6%
2010
Rory McLeod
36.7%
1983
Mark Wildman
34.4%
Quiz Playlist
Details
Report
Send in Message
Add To Playlist
More Info:
Players who share the same surname as another must be written in full. ie. given name and surname. Otherwise, simply typing the surname will suffice.
Classic:
Type in answers that appear in a list
Last Updated: Jan 14, 2020
Quiz Scoreboard
CHALLENGE
Sign Up to Join the Scoreboard
Show All
Scores
Hide
Comments
May contain spoilers
Recently Published
Movies - When Are They Set?
by FPL_Elf
Movies
5m
Popular People in 1961
by mucciniale
History
6m
1-10 Letter E Words III
by El_Dandy
Language
2m
More to Explore
Quiz From the Vault
Featured Blog Post
Where Did the Easter Bunny Come From?
hide this ad
You Might Also Like...
Tags
Masters Snooker
Snooker
Snooker Champions
Snooker Championship
Snooker Ranking
Snooker World
Today's Top Quizzes in Sports
Browse Sports
hide this ad
Top Contributed Quizzes in Sports
1
Les meilleurs buteurs des matchs entre le PSG et l’OM
2
FIFA Club World Cup Champions
3
Les entraîneurs de l'OM et du PSG au 21e siècle
4
2022 World Cup Stars
5
Name the Premier League winners with different clubs
6
La finale Lions - Afrique du Sud 2021
7
Criteria MLB: Left Handed Sluggers
8
Les joueurs passés par le LOSC et le RC Lens
9
Players with Multiple 50 Home Run Seasons
10
MLB Players with Two .350 Batting Average Seasons
Explore More
Trending Topics
Crossword
Harry Potter
Marvel
Disney
Anime
NBA
Kpop
Song
Soccer
Pokémon
NFL
Puzzle
Country
The Office
WWE
hide this ad
More By:
SnookerHQ
Quiz
Plays
Rating
Category
Featured
Created
Snookered
9,195
2.00
Sports
Nov 19, 2018
Snookered: World Championship Special
6,135
3.00
Sports
Apr 28, 2019
Nationalities in the World Snooker Championship
5,459
4.30
Sports
Apr 23, 2018
Snookered 3
5,103
2.29
Sports
Jan 22, 2019
Snooker Quiz: A or B #4
4,308
3.00
Sports
Apr 13, 2020
Go to Creator's Profile
Score Distribution
Quiz Creator Spotlight
SnookerHQ
Follow
Send a Message
Quizzes Created
-
Created Quiz Play Count
-
More By This Creator
Popular Quizzes Today
1
Find the Countries of Europe - No Outlines Minefield
2
Find the US States - No Outlines Minefield
3
The Countries of the World
4
Popular People in 1961
5
1-10 Letter E Words III
6
US States
7
Find the US States
8
One Thing in Common: World Cities II
More Sports Quizzes
Top 50 Juventus Champions League Appearances
Quiz Lab
Trending Quizzes
Risky Map Clicking: Least Populous States A-Z
Humor Books: The Subtitles
1-10 Letter F Words
1-10 Letter G Words
One Thing in Common: United Kingdom
Recently Updated
Leaping Animals
pecheneg
Reality TV Shows (A-Z)
bhenderson79
Rickey Henderson's Hall of Fame Teammates
pecheneg
Champions League XIs: Arsenal
pecheneg
Quick Pick: Celebrities in WWE's Hall of Fame
aduchscher
A-Z Keypad Blitz II
pecheneg
Multiple Oscar Actors
pecheneg
Mystery Phrase Blitz: Oscar 'Best Actors'
pecheneg
F. Scott Fitzgerald Novels
LTH
Pick 3 Villains
ddd62291
Trending Topics
Harry Potter
Kpop
Disney
Marvel
Crossword
Anime
NBA
NFL
The Office
Puzzle
Pokémon
Song
Country
Soccer
WWE
Your Account Isn't Verified!
In order to create a playlist on Sporcle, you need to verify the email address you used during registration. Go to your
Sporcle Settings
to finish the process.
Report this User
Report this user for behavior that violates our
Community Guidelines
.
Details:
Send Report
Go to the Sporcle.com Mobile Site →
Comments